| 000 | 00472nam a2200169 i 4500 | ||
|---|---|---|---|
| 001 | 81919 | ||
| 003 | ES-MaACL | ||
| 005 | 20230906174533.0 | ||
| 007 | t| | ||
| 008 | 041108s1970 sp ||||1| spa d | ||
| 100 | 1 |
_aIglesias Palomar, José Pedro. _965129 |
|
| 245 | 1 | 0 |
_aPoesías réprobas / _cJosé Pedro Iglesias Palomar. |
| 250 | _a2ª ed. | ||
| 260 |
_aMadrid : _b[s.n., _c1970] |
||
| 300 |
_a79 p. : _bretr. aut. ; _c24 cm. |
||
| 852 |
_aES-MaACL _jC-41337 _bR.76070 |
||
| 999 |
_c81919 _d81919 |
||